[Event "Titled Tuesday intern op 28th Jan Early"]
[Site "Chess.com INT"]
[Date "2025.01.28"]
[Round "1"]
[White "Kezin, Roman"]
[Black "Ozcan, Kaan"]
[Result "1-0"]
[WhiteElo "2478"]
[BlackElo "2230"]
[PlyCount "117"]
[EventDate "2025.01.28"]
[EventType "swiss (blitz)"]
[EventRounds "11"]
[EventCountry "USA"]
[SourceTitle "CB06_2025"]
[SourceDate "2025.02.05"]
[SourceVersion "1"]
[SourceVersionDate "2025.02.05"]
[SourceQuality "1"]

1. b3 d5 2. Bb2 Nc6 3. Nf3 Bg4 4. e3 e5 5. Bb5 e4 6. h3 exf3 7. hxg4 fxg2 8. Rg1 f6 9. Qf3 Qd7 10. Nc3 0-0-0 11. 0-0-0 a6 12. Bxc6 Qxc6 13. Qxg2 h6 14. Ne2 Bc5 15. Nf4 Ne7 16. Rh1 Qd6 17. Kb1 Rhe8 18. Rh5 Kb8 19. Rhh1 Ba3 20. Ba1 Nc6 21. Nh5 Rd7 22. Ng3 Qc5 23. Nf5 Nb4 24. c3 Nc6 25. d4 Qb6 26. Kc2 a5 27. Qf1 Na7 28. Qd3 Qc6 29. Bb2 Bxb2 30. Kxb2 a4 31. c4 dxc4 32. Qxc4 Qxc4 33. bxc4 Nc6 34. Kc3 Re4 35. f3 Re8 36. e4 Nd8 37. d5 b6 38. c5 bxc5 39. Rb1+ Ka7 40. Rb5 c6 41. Rxc5 cxd5 42. Rb1 Nb7 43. Rxd5 Rxd5 44. exd5 Rc8+ 45. Kd3 Rd8 46. Kd4 Rd7 47. Rb4 Ka6 48. Rxa4+ Kb5 49. Rc4 Nd6 50. Rc5+ Kb4 51. Nxd6 Rxd6 52. Rc6 Rd7 53. Rb6+ Ka5 54. Rb1 Ka6 55. Kc5 Rc7+ 56. Kd6 Rc2 57. Ke7 Rxa2 58. Re1 Re2+ 59. Rxe2 1-0

[Event "Titled Tuesday intern op 16th Jul Late"]
[Site "Chess.com INT"]
[Date "2024.07.16"]
[Round "2"]
[White "Ozcan, Kaan"]
[Black "Paveto, Kevin"]
[Result "0-1"]
[WhiteElo "2227"]
[BlackElo "2407"]
[PlyCount "98"]
[EventDate "2024.07.16"]
[EventType "swiss (blitz)"]
[EventRounds "11"]
[EventCountry "USA"]
[SourceTitle "EXT 2025"]
[Source "ChessBase"]
[SourceDate "2024.10.14"]
[SourceVersion "1"]
[SourceVersionDate "2024.10.14"]
[SourceQuality "1"]

1. c4 e5 2. Nc3 g6 3. e3 Bg7 4. d4 exd4 5. exd4 Ne7 6. Nf3 0-0 7. Be2 d5 8. c5 b6 9. cxb6 axb6 10. 0-0 Ba6 11. Bxa6 Nxa6 12. Re1 c6 13. Ne5 Nc7 14. Bf4 Ne6 15. Bg3 c5 16. Nb5 Nf5 17. dxc5 Nxg3 18. hxg3 bxc5 19. Nc3 d4 20. Na4 Qd5 21. Nf3 Rab8 22. b3 c4 23. bxc4 Qxc4 24. Rc1 Qxa2 25. Nc5 Nxc5 26. Rxc5 Rfd8 27. Qd3 Qb3 28. Rd1 Qe6 29. Rc7 Rb3 30. Qd2 h6 31. Qa5 Qb6 32. Qxb6 Rxb6 33. Rd3 Bf6 34. Rc4 Rb1+ 35. Kh2 Rb2 36. Nd2 Re8 37. Rf3 Kg7 38. Rc6 Rxd2 39. Rcxf6 Re7 40. Rd6 g5 41. g4 Re6 42. Rd7 Rf6 43. Kg3 Rd1 44. Rxf6 Kxf6 45. Rd6+ Ke5 46. Rxh6 d3 47. Kf3 Re1 48. Rh8 d2 49. Re8+ Kf6 0-1

[Event "Titled Tuesday intern op 02nd Jul Early"]
[Site "Chess.com INT"]
[Date "2024.07.02"]
[Round "2"]
[White "Zou, Chen"]
[Black "Ozcan, Kaan"]
[Result "1-0"]
[WhiteElo "2449"]
[BlackElo "2227"]
[PlyCount "77"]
[EventDate "2024.07.02"]
[EventType "swiss (blitz)"]
[EventRounds "11"]
[EventCountry "USA"]
[SourceTitle "EXT 2025"]
[Source "ChessBase"]
[SourceDate "2024.10.14"]
[SourceVersion "1"]
[SourceVersionDate "2024.10.14"]
[SourceQuality "1"]

1. c4 e5 2. Nc3 Nf6 3. Nf3 Nc6 4. g3 d5 5. cxd5 Nxd5 6. Qc2 Be6 7. Bg2 Be7 8. 0-0 0-0 9. d3 f5 10. Nxd5 Bxd5 11. Be3 Bf6 12. a3 Rf7 13. Rfd1 Nd4 14. Bxd4 exd4 15. Ne1 Bxg2 16. Nxg2 c6 17. Qb3 Qb6 18. Qa2 Re8 19. Rd2 Bg5 20. Rc2 Kf8 21. Ne1 Rfe7 22. Nf3 Bf6 23. Kf1 Qc7 24. Qc4 Qd7 25. Qc5 f4 26. Kg2 Kg8 27. Re1 a6 28. Qh5 g6 29. Qh3 Qxh3+ 30. Kxh3 fxg3 31. hxg3 Kf7 32. Kg2 Ke6 33. Nd2 Kd5 34. Ne4 Rxe4 35. dxe4+ Kxe4 36. Rc5 Re6 37. Rd1 b6 38. f3+ Ke3 39. Rc2 1-0

[Event "Cesme op-A 10th"]
[Site "Cesme"]
[Date "2024.06.28"]
[Round "7"]
[White "Haznedaroglu, Kivanc"]
[Black "Ozcan, Kaan"]
[Result "1-0"]
[WhiteElo "2359"]
[BlackElo "2227"]
[PlyCount "75"]
[EventDate "2024.06.23"]
[EventType "swiss"]
[EventRounds "9"]
[EventCountry "TUR"]
[SourceTitle "CBM 220 Extra"]
[Source "ChessBase"]
[SourceDate "2024.07.31"]
[SourceVersion "1"]
[SourceVersionDate "2024.07.31"]
[SourceQuality "1"]

1. e4 e5 2. d4 exd4 3. Qxd4 Nc6 4. Qd3 Nf6 5. Nc3 Bb4 6. Bd2 0-0 7. 0-0-0 d6 8. Qg3 Re8 9. f3 Be6 10. Nge2 a6 11. h4 Nh5 12. Qh2 Ne5 13. Nd4 c5 14. Nxe6 fxe6 15. Be2 Nf6 16. h5 b5 17. g4 Rf8 18. g5 Ne8 19. Qh3 Nc7 20. f4 Nc4 21. Bxc4 bxc4 22. f5 d5 23. exd5 exf5 24. g6 h6 25. Qf1 Nb5 26. d6 Qa5 27. Qxc4+ Kh8 28. d7 Nxc3 29. Bxc3 Bxc3 30. Qxc3 Qxa2 31. b3 c4 32. b4 a5 33. b5 Rad8 34. Rhe1 Qa4 35. Re7 Rg8 36. Rde1 Qxb5 37. Rxg7 Rxg7 38. Re7 1-0

[Event "Cesme op-A 10th"]
[Site "Cesme"]
[Date "2024.06.27"]
[Round "5"]
[White "Pacher, Milan"]
[Black "Ozcan, Kaan"]
[Result "1-0"]
[WhiteElo "2387"]
[BlackElo "2227"]
[PlyCount "85"]
[EventDate "2024.06.23"]
[EventType "swiss"]
[EventRounds "9"]
[EventCountry "TUR"]
[SourceTitle "CBM 220 Extra"]
[Source "ChessBase"]
[SourceDate "2024.07.31"]
[SourceVersion "1"]
[SourceVersionDate "2024.07.31"]
[SourceQuality "1"]

1. e4 e5 2. Nf3 Nf6 3. d4 Nxe4 4. Bd3 d5 5. Nxe5 Nd7 6. Nc3 Nxc3 7. bxc3 Bd6 8. 0-0 0-0 9. Re1 c6 10. Rb1 Qc7 11. Bf4 b5 12. Qh5 f5 13. Qh3 Nxe5 14. Bxe5 Bxe5 15. Rxe5 Qa5 16. Re7 Qxc3 17. Qe3 c5 18. Qe5 Qxd4 19. Rxg7+ Kh8 20. Qxd4 cxd4 21. Rc7 Be6 22. Rxb5 Rab8 23. Rxa7 Rxb5 24. Bxb5 Rb8 25. a4 d3 26. cxd3 d4 27. Re7 Bg8 28. Re8 Rb7 29. h4 Kg7 30. Rd8 Be6 31. Rxd4 Kf6 32. g3 Rc7 33. Bc4 Ke5 34. Rf4 Bd7 35. a5 Rb7 36. a6 Rb1+ 37. Kh2 Ra1 38. d4+ Kd6 39. Bd3 Bc6 40. f3 Ra2+ 41. Kh3 h5 42. Bc4 Bd7 43. Bxa2 1-0

[Event "Titled Tuesday intern op 31st Oct Late"]
[Site "Chess.com INT"]
[Date "2023.10.31"]
[Round "1"]
[White "Kazakouski, Valery"]
[Black "Ozcan, Kaan"]
[Result "1-0"]
[WhiteElo "2577"]
[BlackElo "2172"]
[PlyCount "127"]
[EventDate "2023.10.31"]
[EventType "swiss (blitz)"]
[EventRounds "11"]
[EventCountry "USA"]
[SourceTitle "EXT 2025"]
[Source "ChessBase"]
[SourceDate "2024.10.14"]
[SourceVersion "1"]
[SourceVersionDate "2024.10.14"]
[SourceQuality "1"]

1. Nf3 Nf6 2. c4 e6 3. g3 d5 4. b3 Nbd7 5. Bg2 c6 6. 0-0 Bd6 7. Nc3 0-0 8. Qc2 a5 9. Bb2 h6 10. e4 dxe4 11. Nxe4 Nxe4 12. Qxe4 Nf6 13. Qe2 Re8 14. a3 e5 15. d3 Bf5 16. Rfe1 Qb6 17. Nxe5 Bxe5 18. Bxe5 Ng4 19. Qf3 g6 20. d4 Nxe5 21. dxe5 Qd4 22. Rad1 Rxe5 23. Rxd4 Rxe1+ 24. Bf1 Bh3 25. Rd1 Rae8 26. g4 Bxf1 27. h4 Bxc4+ 28. Rxe1 Rxe1+ 29. Kh2 Bd5 30. Qc3 Rh1+ 31. Kg3 g5 32. hxg5 hxg5 33. f3 Rf1 34. Qxa5 Rxf3+ 35. Kh2 Rxb3 36. Qd8+ Kh7 37. Qxg5 Rb2+ 38. Kg3 Rg2+ 39. Kh3 Ra2 40. Qe7 Kg7 41. Kh4 Rf2 42. Qxb7 Rh2+ 43. Kg5 Re2 44. Qc7 Re6 45. a4 Rg6+ 46. Kf4 Rf6+ 47. Kg3 Rf3+ 48. Kh4 Kg6 49. Qd6+ Rf6 50. Qe5 Re6 51. Qg5+ Kh7 52. a5 Rh6+ 53. Kg3 Rg6 54. Qh5+ Kg7 55. Qe5+ Kg8 56. a6 Re6 57. Qb8+ Kg7 58. Qb2+ Kg6 59. Qc2+ Kg5 60. Qc5 Rf6 61. a7 Rf3+ 62. Kh2 Kxg4 63. Qd4+ Kg5 64. a8Q 1-0

[Event "Titled Tuesday intern op 31st Oct Late"]
[Site "Chess.com INT"]
[Date "2023.10.31"]
[Round "2"]
[White "Ozcan, Kaan"]
[Black "Sramek, Vojtech"]
[Result "0-1"]
[WhiteElo "2172"]
[BlackElo "2269"]
[PlyCount "93"]
[EventDate "2023.10.31"]
[EventType "swiss (blitz)"]
[EventRounds "11"]
[EventCountry "USA"]
[SourceTitle "EXT 2025"]
[Source "ChessBase"]
[SourceDate "2024.10.14"]
[SourceVersion "1"]
[SourceVersionDate "2024.10.14"]
[SourceQuality "1"]

1. Nf3 c5 2. c4 g6 3. g3 Bg7 4. Bg2 Nc6 5. 0-0 d6 6. Nc3 Qd7 7. e3 Bxc3 8. bxc3 b6 9. d4 Bb7 10. e4 f6 11. Be3 e5 12. d5 Na5 13. Nd2 Ne7 14. Qe2 h5 15. Nb3 Qa4 16. Nxa5 Qxa5 17. Rfc1 0-0-0 18. a4 Ba6 19. h4 Kc7 20. Qa2 f5 21. Bg5 Rde8 22. exf5 gxf5 23. Qc2 Bxc4 24. Bxe7 Rxe7 25. Qxf5 Qa6 26. Qf6 Rhe8 27. Qg6 Qb7 28. Qxh5 Bxd5 29. Bxd5 Qxd5 30. Rd1 Qc4 31. a5 b5 32. a6 e4 33. Qg6 d5 34. Qg5 e3 35. Rxd5 exf2+ 36. Kg2 Qe4+ 37. Kxf2 Qc2+ 38. Rd2 Re2+ 39. Kg1 Qxd2 40. Qxc5+ Kd7 41. Qxb5+ Ke7 42. Qg5+ Qxg5 43. hxg5 Kf7 44. Rb1 Re1+ 45. Rxe1 Rxe1+ 46. Kf2 Ra1 47. Ke3 0-1

[Event "Titled Tuesday intern op 10th Oct Early"]
[Site "Chess.com INT"]
[Date "2023.10.10"]
[Round "2"]
[White "Ozcan, Kaan"]
[Black "Le, Tuan Minh"]
[Result "1-0"]
[WhiteElo "2187"]
[BlackElo "2559"]
[PlyCount "175"]
[EventDate "2023.10.10"]
[EventType "swiss (blitz)"]
[EventRounds "11"]
[EventCountry "USA"]
[SourceTitle "EXT 2025"]
[Source "ChessBase"]
[SourceDate "2024.10.14"]
[SourceVersion "1"]
[SourceVersionDate "2024.10.14"]
[SourceQuality "1"]

1. Nf3 d5 2. g3 Nd7 3. Bg2 e5 4. c4 dxc4 5. 0-0 Ngf6 6. Qc2 Bd6 7. Qxc4 0-0 8. d3 c6 9. Qc2 h6 10. Nc3 Re8 11. Nh4 Nf8 12. Ne4 Be7 13. Nxf6+ Bxf6 14. Nf3 Bf5 15. Be3 Ne6 16. Rfd1 Qd7 17. Rac1 Nd4 18. Qd2 Rad8 19. b3 Bg4 20. Bxd4 exd4 21. Rc4 Re7 22. Re1 Be6 23. Rcc1 Bd5 24. Rcd1 Rde8 25. Qb2 h5 26. h4 g6 27. Qa3 b6 28. Qb2 Bg7 29. Qc2 c5 30. Qd2 Qd6 31. Kh2 Bf6 32. Kg1 a5 33. Rc1 Bg7 34. Rb1 f6 35. a3 Bf8 36. b4 cxb4 37. axb4 a4 38. b5 a3 39. Nh2 Bxg2 40. Kxg2 Qd5+ 41. Nf3 a2 42. Ra1 Ra7 43. Qb2 Bc5 44. Rec1 Rea8 45. Rc2 Kg7 46. Kg1 Ra4 47. Nd2 R8a7 48. Nc4 Bb4 49. Qb3 Bc3 50. Raxa2 Rxa2 51. Rxa2 Re7 52. Qa4 g5 53. Qa8 Qxb5 54. hxg5 Qxg5 55. Ra7 f5 56. Rxe7+ Qxe7 57. Qd5 Qxe2 58. Qxf5 b5 59. Qxb5 Qxd3 60. Qd7+ Kf6 61. Qd6+ Kg7 62. Qe5+ Kf8 63. Nd6 Qg6 64. Ne4 Qc6 65. Qf5+ Ke7 66. Qe5+ Kd7 67. Nf6+ Kc8 68. Nd5 Kb7 69. Qe7+ Ka6 70. Qa3+ Kb5 71. Qb3+ Ka5 72. Nf4 Qb5 73. Qa2+ Qa4 74. Qd5+ Kb4 75. Qe4 Ka3 76. Qb1 Qb3 77. Qc1+ Qb2 78. Qd1 h4 79. gxh4 Qb8 80. Qf3 Kb3 81. Ne2 Kc2 82. Qe4+ d3 83. Nxc3 Kxc3 84. Qc6+ Kd2 85. Qf3 Qe8 86. Qf4+ Kd1 87. Qa4+ Ke1 88. Qxe8+ 1-0

[Event "Titled Tuesday intern op 10th Oct Late"]
[Site "Chess.com INT"]
[Date "2023.10.10"]
[Round "4"]
[White "Ozcan, Kaan"]
[Black "Matinian, Nikita"]
[Result "1/2-1/2"]
[WhiteElo "2187"]
[BlackElo "2421"]
[PlyCount "152"]
[EventDate "2023.10.10"]
[EventType "swiss (blitz)"]
[EventRounds "11"]
[EventCountry "USA"]
[SourceTitle "EXT 2025"]
[Source "ChessBase"]
[SourceDate "2024.10.14"]
[SourceVersion "1"]
[SourceVersionDate "2024.10.14"]
[SourceQuality "1"]

1. Nf3 Nf6 2. g3 b5 3. Bg2 Bb7 4. 0-0 e6 5. a4 b4 6. c3 bxc3 7. Nxc3 c5 8. Qb3 Qc8 9. d3 Be7 10. Be3 d5 11. Bf4 0-0 12. Nb5 Ne8 13. Rac1 Nd7 14. Qc2 a6 15. Nc3 Bc6 16. Rfd1 Qb7 17. e4 d4 18. Ne2 Rc8 19. g4 f6 20. Bg3 e5 21. Nd2 g5 22. Nc4 Ng7 23. Na5 Qa8 24. Qc4+ Kh8 25. Nxc6 Qxc6 26. a5 Qb5 27. b3 Nb8 28. f3 Nc6 29. Be1 Rb8 30. Rb1 Bd8 31. Rdc1 Bxa5 32. Bxa5 Nxa5 33. Qxc5 Qxc5 34. Rxc5 Nxb3 35. Rc6 a5 36. Ra6 Kg8 37. Bf1 Nc5 38. Rxb8 Rxb8 39. Rxa5 Nxd3 40. Nxd4 Ne1 41. Kf2 exd4 42. Kxe1 Rb1+ 43. Kf2 Rb2+ 44. Kg3 Kf8 45. Bc4 Ne8 46. Ra8 Ke7 47. Ra7+ Kd6 48. Rxh7 Kc5 49. Bd3 Kb4 50. Rb7+ Kc3 51. Rxb2 Kxb2 52. Kf2 Kc3 53. Ke2 Nc7 54. h4 gxh4 55. f4 Ne6 56. Ba6 Nxf4+ 57. Kf3 h3 58. Kg3 Ne6 59. Kxh3 Ng5+ 60. Kg3 Nxe4+ 61. Kf4 Nc5 62. Be2 Kd2 63. Bf3 d3 64. Kf5 Ke3 65. Bd1 Nd7 66. Ke6 Nc5+ 67. Kxf6 Ne4+ 68. Kf5 Nc3 69. Bb3 Kd4 70. g5 Kc5 71. g6 Kb4 72. g7 Kxb3 73. g8Q+ Kc2 74. Qc4 d2 75. Qd4 d1Q 76. Qxd1+ Nxd1 1/2-1/2